000 01792cam a2200337 i 4500
001 xx005913775
003 NUKAT
005 20260320172023.0
008 260320s1894 pl |000 p pol c
035 _a(NUKAT)xx005913775
040 _aOLSZT 008/AL
_bpol
_erda
_cOLSZT 008/AL
_dOLSZT 008/AL
046 _k1894
245 0 0 _aRozmowa Michała z gorzałką czyli Cud rzadki w świecie, że pijak przecie statkuje, już żyć zaczyna, wódkę przeklina, żałuje. Majster hulacki, cechmistrz pijacki nie pije; Brodowicz Michał, co od niej zdychał, już żyje!.
260 _aChełmno :
_bdrukiem i nakładem W. Fiałka,
_c[1894].
300 _a16 stron ;
_c17 cm.
336 _aTekst
_btxt
_2rdacontent
337 _aBez urządzenia pośredniczącego
_bn
_2rdamedia
338 _aWolumin
_bnc
_2rdacarrier
380 _aKsiążki
380 _aPoezja
386 _mPrzynależność kulturowa
_aLiteratura polska
388 1 _a1801-1900
500 _aRok wydania według: Verzeichniss der aus der neu erschienenen Litteratur von der Königlichen Bibliothek zu Berlin und den Preussischen Universitäts-Bibliotheken erworbenen Druckschriften. - Berlin, 1899, s. 325.
500 _aWedług Mańkowskiego jest to drugie wydanie wierszowanej powiastki drukowanej bez tytułu w drukarni Fiałka w 1886.
510 4 _aDzieje drukarstwa i piśmiennictwa polskiego w Prusiech Zachodnich wraz z szczegółową bibliografią druków polskich zachodniopruskich / opracował A. Mańkowski (ciąg dalszy) // Roczniki Towarzystwa Naukowego w Toruniu R. 16 (1909),
_cs. 35, poz. 222
650 7 _aAlkoholizm
_2DBN
_938644
655 7 _aWiersze
_2DBN
_934933
655 7 _aDramat polski
_y1870-1914.
_2kaba
_938643
700 1 _aFiałek, Walenty
_d(1852-1932).
_eWydawca
_936639
942 _2ddc
_cBK_NM
999 _c27181
_d27181